| 000 | 00354nam a2200133Ia 4500 | ||
|---|---|---|---|
| 008 | 210430s9999 xx 000 0 und d | ||
| 020 | _a3721-3721-3721 | ||
| 082 | _a954 K451 M | ||
| 100 |
_aAmrat Khan _954050 |
||
| 245 |
_aMao aur Aqwam-e-Alam _cAmrat Khan |
||
| 260 |
_aIslamabad _bIslamabad printing care _c2001 |
||
| 300 | _a223p. | ||
| 942 |
_cBK _2ddc |
||
| 999 |
_c564504 _d564504 |
||